000 00665nam a2200241 a 4500
001 54800
003 BD-RjUL
005 20211209080154.0
008 161110s1978 nyu||||| |||| 00| 0 eng d
020 _a0121280300
035 _a(BD-RjUL)54922
040 _aBD-RjUL
_beng
_cBD-RjUL
041 _aeng
082 _223
_a519.5
_bBRF 1978
100 _aBraverman, Jerome D.
_9163355
245 _aFundamentals of business ststistics /
_cJerome D.Braverman.
250 _aInternational ed.
260 _aNew Youk :
_bAcademic Press,
_cc1978
300 _a597 p. :
_bill, ;
_c24 cm.
500 _ainclude Indexs
650 _aStstistics.
_9163356
942 _2ddc
_cBK
999 _c54800
_d54800